Welcher Bahnhersteller baut diesen Zug? - Statistiken

Allgemein
  • Dieses Quiz wurde 129 mal gespielt
  • Das Durchschnittsergebnis liegt bei 6 aus 8
Antwortstatistiken
Frage Antwort % Korrekt
Mireo Siemens Mobility
95%
FLIRT (Flinker Leichter Intercity- und Regionalverkehrs-Triebzug) Stadler Rail
91%
KISS (Komfortabler Innovativer Spurtstarker S-Bahn-Zug) Stadler Rail
91%
Desiro (Classic, ML, HC, etc.) Siemens Mobility
82%
LINT (Leichter Innovativer Nahverkehrs-Triebwagen) Alstom
77%
Talent 2 (Talbot leichter Nahverkehrs-Triebwagen) Bombardier Transportation
74%
Link (Auf dem Quiz-Titelbild abgebildet) Pojazdy Szynowe Pesa Bydgoszcz (kurz "Pesa")
65%
Flexity (Straßenbahn-Fahrzeuge) Bombardier Transportation
57%
Keine übereinstimmenden Quizze gefunden
Verteilung der Resultate
Anzahl Personen mit jedem Resultat
Perzentil nach korrekt beantworteten Fragen
Ihre Resultats-Entwicklung
Sie haben dieses Quiz noch nicht gespielt